Online Catalogue and eLibrary

Loka sanwardana gatalu (Record no. 2240)

MARC details
000 -LEADER
fixed length control field 00417nam a2200169Ia 4500
005 - DATE AND TIME OF LATEST TRANSACTION
control field 20250613021531.0
008 - FIXED-LENGTH DATA ELEMENTS--GENERAL INFORMATION
fixed length control field 240331s9999 xx 000 0 und d
020 ## - INTERNATIONAL STANDARD BOOK NUMBER
ISBN 9552003814
082 ## - DDC Classification
Item Number - Author Mark DAN
Class No. 307
100 ## - MAIN ENTRY--PERSONAL NAME
Personal name Dhanapala, H.A
245 #0 - TITLE STATEMENT
Title Loka sanwardana gatalu
260 ## - PUBLICATION, DISTRIBUTION, ETC.
Place of publication, distribution, etc. Colombo
Name of publisher, distributor, etc. S. Godage & Brothers
Date of publication, distribution, etc. 1992
300 ## - PHYSICAL DESCRIPTION
Extent (e.g. Volumes, Pages etc.) 80 p .,
650 ## - SUBJECT ADDED ENTRY--TOPICAL TERM
Topical term or geographic name entry element Social Studies
650 ## - SUBJECT ADDED ENTRY--TOPICAL TERM
Topical term or geographic name entry element World Development
942 ## - Koha item type (Biblio)
Koha item type Books in Stacks (Lending)
Holdings
Lost status Damaged status Collection code Home library Current library Shelving location Date acquired Full call number Accession Number Item type
    Lending WERC Library WERC Library Social Science Cupboard 03/31/2024 307.76 DAN 3428 Books in Stacks (Lending)

© WERC Library